000 00983cad a22002415a 4500
001 E148708
008 091023s2009 fr d f s 000 0 eng d
035 _a(Sirsi) u148708
041 0 _aeng
050 0 4 _a333.33 $2 18
110 2 _aBNP Paribas Real Estate
_95715
245 0 0 _aAt a glance
_bEuropean markets Q3 2009
_h[electronic resource]
260 _a[Paris]
_bBNP Paribas Real Estate
_c2009
490 0 _aAtisreal European Markets
520 _aReports that the European Investment Market Index rose by 2%, the first increase for seven quarters. However, the Prime Rent Index fell by 1% in Q3 2009, and the European Office Take-up Index also fell by 14%.
521 _aAdvanced
590 _aKA
650 2 4 _aATISREAL EUROPEAN MARKETS
651 4 _aEurope
690 _aPROPERTY-COMMERCIAL PROPERTY-COMMERCIAL PROPERTY MARKET
856 4 0 _uhttps://www.realestate.bnpparibas.co.uk
_zView this report free of charge at www.realestate.bnpparibas.co.uk...
942 _n0
999 _c110176
_d110176